000
00174nam a22000857a 4500
999
_c
16233
_d
16233
003
OSt
008
200625b ||||| |||| 00| 0 eng d
245
_a
Know your mind
942
_c
BK